| 000 | 00541nam a22001577a 4500 | ||
|---|---|---|---|
| 003 | OSt | ||
| 008 | 180925b ||||| |||| 00| 0 eng d | ||
| 082 |
_a631.56 _bASW/DE |
||
| 100 | _aAswathy M.S | ||
| 245 | _aDevelopment and performance evaluation of a rubber tapping machine | ||
| 260 |
_aThavanur _bDepartmant of food and agriculture process engineering and technology _c2018 |
||
| 300 |
_axi,89 _eCD |
||
| 700 |
_aGeorge Mathew (Guide) _93193 |
||
| 856 | _uhttps://drive.google.com/open?id=1N7z_o_AUAMnEV9VKBsGOSbmxY6cp_A_P | ||
| 942 | _cTH | ||
| 999 |
_c15473 _d15473 |
||